Ученые записки Московского городского педагогического института им. В.П. Потемкина. Т.13: Антисейсмизм древней архитектуры, [Разд. 2] (Запись № 3480475)

Подробности
000 -МАРКЕР
контрольное поле 02065nam2a22002771 4500
001 - ИДЕНТИФИКАТОР ЗАПИСИ
контрольное поле RU\NLR\INFOCOMM16\1000080648
005 - ИДЕНТИФИКАТОР ВЕРСИИ
контрольное поле 20250617123449.0
035 ## - ДРУГИЕ СИСТЕМНЫЕ НОМЕРА
Идентификатор записи (NLR Aleph) 002605227
100 ## - ДАННЫЕ ОБЩЕЙ ОБРАБОТКИ
Данные общей обработки 20040429d1949 |||y0rusy50 ca
101 0# - ЯЗЫК РЕСУРСА
Язык текста, звукозаписи и т.д. русский
102 ## - СТРАНА ПУБЛИКАЦИИ ИЛИ ПРОИЗВОДСТВА
Страна публикации российская федерация
105 ## - ПОЛЕ КОДИРОВАННЫХ ДАННЫХ: ТЕКСТОВЫЕ МАТЕРИАЛЫ, МОНОГРАФИЧЕСКИЕ
Кодированные данные о монографическом текстовом документе y |||||||||
200 1# - ЗАГЛАВИЕ И СВЕДЕНИЯ ОБ ОТВЕТСТВЕННОСТИ
Основное заглавие Антисейсмизм древней архитектуры, [Разд. 2]
Первые сведения об ответственности Башкиров, А.С.
210 ## - ПУБЛИКАЦИЯ, РАСПРОСТРАНЕНИЕ И ДР.
Дата издания, распространения и т.д. 1949
Место издания, распространения и т.д. Б. м.
225 0# - СЕРИЯ
Основное заглавие серии Ученые записки
Обозначение тома Т.13
Наименование части Кафедра истории древнего мира
Обозначение тома Вып.1
461 #0 - УРОВЕНЬ НАБОРА
Встроенное поле 001RU\NLR\INFOCOMM16\1000080498
-- 2001#$aУченые записки Московского городского педагогического института им. В.П. Потемкина$vТ.13
Системный номер (АБИС) связанной записи 2809441
Автор Московский городской педагогический институт им. В. П. Потемкина
Место публикации М.
Дата публикации 1940-1960
Имя издателя, распространителя и т.д. Учпедгиз
Заглавие Ученые записки Московского городского педагогического института им. В.П. Потемкина
Номер тома Т.13
462 #0 - УРОВЕНЬ ПОДНАБОРА
Встроенное поле 001RU\NLR\INFOCOMM16\1000080647
-- 2001#$aУченые записки$iКафедра истории древнего мира$fМоск. гор. пед. ин-т им. В.П. Потемкина$vВып.1
Системный номер (АБИС) связанной записи 3480467
Автор Московский городской педагогический институт им. В. П. Потемкина. Кафедра истории древнего мира
Место публикации М.
Дата публикации 1949
Первые сведения об ответственности Моск. гор. пед. ин-т им. В.П. Потемкина
Заглавие части Кафедра истории древнего мира
Заглавие Ученые записки Московского городского педагогического института им. В.П. Потемкина. - Ученые записки
Номер тома Вып.1
700 #1 - ИМЯ ЛИЦА - ПЕРВИЧНАЯ ОТВЕТСТВЕННОСТЬ
Начальный элемент ввода Башкиров
Часть имени, кроме начального элемента ввода А.С.
Код отношения Автор
801 #1 - ИСТОЧНИК ЗАПИСИ
Страна российская федерация
Организация InfoComm
Дата составления 20040429
801 #0 - ИСТОЧНИК ЗАПИСИ
Страна российская федерация
Организация NLR
Правила каталогизации PSBO
852 ## - МЕСТОНАХОЖДЕНИЕ И ШИФР ХРАНЕНИЯ
Идентификатор организации NLR
Шифр хранения (Call Number) П1/57
942 ## - ДОПОЛНИТЕЛЬНЫЕ ЭЛЕМЕНТЫ ЗАПИСИ (АБИС)
Тип экземпляра АБИС Выпуск
980 ## - КОЛЛЕКЦИЯ
Название коллекции Национальная библиография
980 ## - КОЛЛЕКЦИЯ
Название коллекции Русская периодика

Нет доступных экземпляров.